ბათუმის შოთა რუსთაველის სახელმწიფო უნივერსიტეტის ბიბლიოთეკა

Микробиология. (ბიბ.ჩანაწერი № 44279)

000 -LEADER
fixed length control field 00764nam a2200265Ia 4500
001 - CONTROL NUMBER
control field 11037
003 - CONTROL NUMBER IDENTIFIER
control field GE_BSU
008 - FIXED-LENGTH DATA ELEMENTS--GENERAL INFORMATION
fixed length control field 181216s||||||||xx |||||||||||||| ||und||
020 ## - INTERNATIONAL STANDARD BOOK NUMBER
International Standard Book Number 9785358057463
040 ## - CATALOGING SOURCE
Transcribing agency GE_BSU
080 ## - UNIVERSAL DECIMAL CLASSIFICATION NUMBER
Universal Decimal Classification number 579(075.8)
100 ## - MAIN ENTRY--PERSONAL NAME
Personal name Емцев,В.Т. Мишустин,Е.Н.
245 ## - TITLE STATEMENT
Title Микробиология.
245 ## - TITLE STATEMENT
Remainder of title Учебник для вузов.
245 ## - TITLE STATEMENT
Statement of responsibility, etc. Ред:Н.Л.Красинская, Н.Н.Коломилова.
250 ## - EDITION STATEMENT
Edition statement 7-е изд.стереотип.
260 ## - PUBLICATION, DISTRIBUTION, ETC.
Place of publication, distribution, etc. Москва
260 ## - PUBLICATION, DISTRIBUTION, ETC.
Name of publisher, distributor, etc. Дрофа
260 ## - PUBLICATION, DISTRIBUTION, ETC.
Date of publication, distribution, etc. 2008.
300 ## - PHYSICAL DESCRIPTION
Extent 444стр,илл,21см.
653 ## - INDEX TERM--UNCONTROLLED
Uncontrolled term Микробиология.
653 ## - INDEX TERM--UNCONTROLLED
Uncontrolled term მიკრობიოლოგია
942 ## - ADDED ENTRY ELEMENTS (KOHA)
Koha item type წიგნი
ეგზემპლარები
Withdrawn status Lost status Damaged status Not for loan Date acquired Barcode Date last seen Price effective from Koha item type
        2018-12-17 35369 2018-12-17 2018-12-17 წიგნი
        2018-12-17 35370 2018-12-17 2018-12-17 წიგნი